The colonial heritage of Latin America: essays on economic dependance in perspective

Tallennettuna:
Bibliografiset tiedot
Päätekijät: Stein, Stanley J (Tekijä), Stein, Barbara H (Tekijä)
Aineistotyyppi: Kirja
Kieli:englanti
Julkaistu: Nueva York Oxford University Press 1970
Aiheet:
Tagit: Lisää tagi
Ei tageja, Lisää ensimmäinen tagi!

MARC

LEADER 00000nam a2200000 a 4500
001 UCI9572
003 CL-VaPUC
008 081128e19700000US |||||||||||||||||eng|d
020 |a 0195012925 
082 0 4 |a 330.098  |b STE  |2 21 
100 0 |a Stein, Stanley J  |e author  |9 533405 
700 0 |a Stein, Barbara H  |e author  |9 533406 
245 1 4 |a The colonial heritage of Latin America: essays on economic dependance in perspective 
300 |a 222 p 
942 |c BK 
945 |d 20081128 00:00:00  |a rbrito 
260 |a Nueva York  |b Oxford University Press  |c 1970 
650 0 |a Economía   |9 255568 
650 7 |a HISTORIA ECONOMICA SIGLOS16-19  |2 CL-VaPUC  |9 533407 
650 0 |a Política económica   |9 255029 
651 0 |a América Latina   |9 255027 
583 |a last modification  |c 20081128 00:00:00  |k Rodrigo Vera 
999 |c 332086  |d 332084 
952 |0 0  |1 0  |4 0  |6 330_098000000000000_STE_1970  |7 0  |8 A  |9 419456  |a BIBHIS  |b BIBHIS  |d 2019-11-22  |i 4500407  |o 330.098 STE 1970  |p 4500407  |r 2025-01-20  |w 2019-11-22  |y BK  |k HIS